000 00527cam a22002174a 4500
005 20250731113205.0
008 250528s ||||||||||||||||||||||||d
035 _a22899
020 _a9780131246966
040 _aGR-AtMCL
_bgre
_dGR-AtMCL
_eAACR2
245 1 _aOPERATING SYSTEMS
250 _a3
260 _bPearson,
_c2004
300 _a1207
700 1 _aChoffnes D.R
_98533
700 1 _aDeitel, Harvey M.,
_d1945-
_91838
700 1 _aDeitel, Paul J.
_91839
942 _cBK
999 _c7943
_d7943